| 000 | 00517nam a22001691a 4500 | ||
|---|---|---|---|
| 003 | NEGST | ||
| 005 | 20110718123002.0 | ||
| 008 | 030627s1993 001 0 eng d | ||
| 100 | 1 | _aSociete Biblique au Rwanda. | |
| 245 | 1 | 0 |
_aBibliya Yera. / _cUmuryango wa Biblia mu Rwanda. |
| 260 |
_aKigali : _bUmuryango wa Biblia mu Rwanda, _cc1993. |
||
| 300 | _avi, 916, 284p. : maps. | ||
| 590 | _aAccession number: 21473 | ||
| 600 | 1 | 0 | _aKinyarwanda language - Texts. |
| 630 | 0 | 0 | _aBible. Kinyarwanda. 1993. |
| 999 |
_c15093 _d15093 |
||